000 00842cam a22002533a 4500
001 18044
003 PGUSA
005 20140828083402.0
008 060324s2006||||xxu|||||s|||||000 | eng d
040 _aPGUSA
_beng
042 _adc
050 4 _aPA
245 1 0 _aWine, Women, and Song :
_bMediaeval Latin Students' songs; Now first translated into English verse
_h[electronic resource]
260 _bProject Gutenberg,
_c2006
506 _aPublic domain in the USA.
516 _aElectronic text
653 _aStudents' songs -- Europe -- Texts
653 _aGoliards -- Songs and music -- Texts
653 _aSongs, Latin (Medieval and modern) -- Translations into English
700 1 _aSymonds, John Addington,
_d1840-1893
830 0 _aProject Gutenberg
_v18044
856 4 0 _uhttp://www.gutenberg.org/ebooks/18044
942 _cEB
999 _c247299
_d247299